000 00455nam a2200157 4500
001 127457
003 ES-MaACL
005 20230906193023.0
007 t|
008 070214s1961 sp r ||||1| spa d
100 1 _aRiera Vidal, Pedro.
_997138
245 1 4 _aUna noche en Toledo /
_cPedro Riera Vidal.
260 _aToledo :
_b[s.n.],
_c1961 (
_fTall. Rafael Gómez-Menor)
300 _a116 p., 8 lám. ;
_c17 cm.
852 _aES-MaACL
_jC-20230
_bR.48320
999 _c127457
_d127457